|
|
|
|
| LEADER |
01113nam a2200265 a 4500 |
| 008 |
100629s2009 dcua b 000 0 eng d |
| 020 |
|
|
|a 9780821378595
|
| 040 |
|
|
|a BIP US
|d WaSeSS
|d NIC
|d BD-DhAAL
|
| 082 |
0 |
0 |
|a 338.91
|2 22
|
| 110 |
2 |
|
|a World Bank Staff
|e Contribution by
|4 oth
|
| 245 |
0 |
0 |
|a Global Monitoring Report 2009 :
|b A Development Emergency.
|
| 260 |
|
|
|a Washington, DC :
|b World Bank publications,
|c 2009.
|
| 300 |
|
|
|a xvi, 219 p. :
|b ill. ;
|c 27 cm.
|
| 490 |
0 |
|
|a Global Monitoring Report Ser.
|
| 504 |
|
|
|a Includes bibliographical references.
|
| 541 |
1 |
|
|e 00020458
|
| 650 |
|
4 |
|a Sustainable Development.
|
| 650 |
|
4 |
|a Economic Development.
|
| 650 |
|
4 |
|a International Economic Relations.
|
| 650 |
|
4 |
|a International economic relations.
|
| 650 |
|
4 |
|a Developing Countries
|x Foreign Economic Relations
|
| 710 |
2 |
|
|a International Monetary Fund Staff
|e Contribution by
|4 oth
|
| 852 |
4 |
|
|a Ayesha Abed Library
|j General Shelf
|
| 999 |
|
|
|c 9128
|d 9128
|
| 952 |
|
|
|0 0
|1 0
|2 ddc
|4 0
|6 338_910000000000000_GLO_2009
|7 0
|9 11386
|a BRACUL
|b BRACUL
|c GEN
|d 2010-06-30
|l 1
|o 338.91 GLO
|p 3010020458
|r 2013-04-28
|s 2013-04-21
|t 1
|w 2010-06-30
|y BK
|